[Event "ODJM C 2023"]
[Site "Willingen GER"]
[Date "2023.05.30"]
[Round "4"]
[White "Löffelholz, Simon"]
[Black "Liu, Kairui"]
[Result "0-1"]
[Termination "normal"]
[Board "23"]
[WhiteElo "1264"]
[BlackElo "1024"]
[WhiteClock "00:31:40"]
[BlackClock "01:23:50"]
[PlyCount "84"]
[WhiteFideId "34623620"]
[BlackFideId "34660534"]
[EventCountry "GER"]
[EventRounds "9"]
[EventType "swiss"]
[EventDate "2023.05.27"]

1. d4 {[%clk 01:30:58]} d5 {[%clk 01:30:52]} {[%emt 00:00:08]} 2. Nf3 {[%clk
01:31:23]} {[%emt 00:00:05]} Nf6 {[%clk 01:31:11]} {[%emt 00:00:11]} 3. e3
{[%clk 01:31:43]} {[%emt 00:00:11]} g6 {[%clk 01:31:24]} {[%emt 00:00:17]} 4.
Bd3 {[%clk 01:31:55]} {[%emt 00:00:18]} Bg7 {[%clk 01:31:45]} {[%emt 00:00:09]}
5. O-O {[%clk 01:32:11]} {[%emt 00:00:14]} O-O {[%clk 01:31:52]} {[%emt
00:00:23]} 6. b3 {[%clk 01:32:24]} {[%emt 00:00:17]} Nc6 {[%clk 01:31:44]}
{[%emt 00:00:39]} 7. Bb2 {[%clk 01:32:05]} {[%emt 00:00:48]} Be6 {[%clk
01:30:21]} {[%emt 00:01:53]} 8. Nbd2 {[%clk 01:32:13]} {[%emt 00:00:21]} Qd7
{[%clk 01:30:24]} {[%emt 00:00:27]} 9. c4 {[%clk 01:32:04]} {[%emt 00:00:40]}
dxc4 {[%clk 01:29:35]} {[%emt 00:01:18]} 10. Nxc4 {[%clk 01:32:03]} {[%emt
00:00:31]} Bxc4 {[%clk 01:29:08]} {[%emt 00:00:58]} 11. Bxc4 {[%clk 01:32:01]}
{[%emt 00:00:33]} Rad8 {[%clk 01:28:33]} {[%emt 00:01:04]} 12. Ba3 {[%clk
01:31:11]} {[%emt 00:01:19]} a6 {[%clk 01:27:16]} {[%emt 00:01:48]} 13. Qc2
{[%clk 01:28:06]} {[%emt 00:03:35]} b5 {[%clk 01:27:17]} {[%emt 00:00:29]} 14.
Bd3 {[%clk 01:28:19]} {[%emt 00:00:16]} Rfe8 {[%clk 01:26:14]} {[%emt
00:01:35]} 15. Bc5 {[%clk 01:26:23]} {[%emt 00:02:25]} e5 {[%clk 01:26:13]}
{[%emt 00:00:32]} 16. a4 {[%clk 01:23:50]} {[%emt 00:03:04]} e4 {[%clk
01:25:58]} {[%emt 00:00:45]} 17. axb5 {[%clk 01:18:59]} {[%emt 00:05:21]} exd3
{[%clk 01:25:36]} {[%emt 00:00:51]} 18. bxc6 {[%clk 01:17:35]} {[%emt
00:01:54]} dxc2 {[%clk 01:25:25]} {[%emt 00:00:41]} 19. cxd7 {[%clk 01:17:49]}
{[%emt 00:00:15]} Rxd7 {[%clk 01:25:38]} {[%emt 00:00:17]} 20. Rfc1 {[%clk
01:16:57]} {[%emt 00:01:23]} Rb8 {[%clk 01:25:23]} {[%emt 00:00:45]} 21. Ra3
{[%clk 01:15:04]} {[%emt 00:02:23]} Ne4 {[%clk 01:24:06]} {[%emt 00:01:47]} 22.
Rxc2 {[%clk 01:11:49]} {[%emt 00:03:44]} Nxc5 {[%clk 01:24:14]} {[%emt
00:00:23]} 23. Rxc5 {[%clk 01:05:07]} {[%emt 00:07:13]} Bf8 {[%clk 01:24:26]}
{[%emt 00:00:17]} 24. Ne5 {[%clk 01:03:56]} {[%emt 00:01:40]} Rdd8 {[%clk
01:23:59]} {[%emt 00:00:58]} 25. Raa5 {[%clk 00:46:20]} {[%emt 00:18:06]} Bxc5
{[%clk 01:24:05]} {[%emt 00:00:24]} 26. Rxc5 {[%clk 00:44:51]} {[%emt
00:01:59]} Rxb3 {[%clk 01:24:17]} {[%emt 00:00:18]} 27. h3 {[%clk 00:44:45]}
{[%emt 00:00:36]} Rc8 {[%clk 01:23:53]} {[%emt 00:01:07]} 28. Nc6 {[%clk
00:43:39]} {[%emt 00:02:00]} Kf8 {[%clk 01:23:59]} {[%emt 00:00:24]} 29. Na7
{[%clk 00:42:00]} {[%emt 00:02:09]} Ra8 {[%clk 01:23:46]} {[%emt 00:00:44]} 30.
Rxc7 {[%clk 00:41:32]} {[%emt 00:00:58]} a5 {[%clk 01:24:08]} {[%emt 00:00:08]}
31. Nc6 {[%clk 00:40:09]} {[%emt 00:01:47]} a4 {[%clk 01:24:23]} {[%emt
00:00:22]} 32. Ne5 {[%clk 00:40:25]} {[%emt 00:00:13]} Kg8 {[%clk 01:23:53]}
{[%emt 00:01:00]} 33. Rc1 {[%clk 00:36:57]} {[%emt 00:03:58]} a3 {[%clk
01:23:59]} {[%emt 00:00:25]} 34. Nc4 {[%clk 00:35:04]} {[%emt 00:02:21]} a2
{[%clk 01:24:16]} {[%emt 00:00:15]} 35. Nd2 {[%clk 00:34:59]} {[%emt 00:00:33]}
Rd3 {[%clk 01:24:20]} {[%emt 00:00:28]} 36. Rc2 {[%clk 00:31:44]} {[%emt
00:03:45]} a1=Q+ {[%emt 00:00:18]} 37. Kh2 {[%emt 00:00:09]} Ra2 {[%clk
01:23:54]} {[%emt 00:00:29]} 38. Nf3 {[%clk 00:31:25]} {[%emt 00:00:48]} Rxc2
{[%clk 01:23:25]} {[%emt 00:00:59]} 39. Kg3 {[%clk 00:31:46]} {[%emt 00:00:09]}
Qa2 {[%clk 01:23:23]} {[%emt 00:00:32]} 40. Kg4 {[%clk 00:32:05]} {[%emt
00:00:11]} Rxf2 {[%clk 01:23:30]} {[%emt 00:00:20]} 41. Kf4 {[%clk 00:32:24]}
{[%emt 00:00:14]} Rxf3+ {[%clk 01:23:42]} {[%emt 00:00:17]} 42. Kg4 {[%clk
00:31:40]} {[%emt 00:01:14]} Qxg2+ {[%clk 01:23:50]} {[%emt 00:00:21]} 0-1

[Event "ODJM C 2023"]
[Site "Willingen GER"]
[Date "2023.05.30"]
[Round "4"]
[White "Börner, Eric"]
[Black "Andrade, Levin"]
[Result "1-0"]
[Termination "normal"]
[Board "24"]
[WhiteElo "1287"]
[BlackElo "840"]
[WhiteClock "00:30:20"]
[BlackClock "00:46:17"]
[PlyCount "55"]
[WhiteFideId "34608362"]
[BlackFideId "34660399"]
[EventCountry "GER"]
[EventRounds "9"]
[EventType "swiss"]
[EventDate "2023.05.27"]

1. d4 {[%clk 01:30:55]} {[%emt 00:00:04]} d5 {[%clk 01:30:57]} {[%emt
00:00:04]} 2. Bf4 {[%clk 01:31:15]} {[%emt 00:00:08]} Nf6 {[%clk 01:31:18]}
{[%emt 00:00:11]} 3. e3 {[%clk 01:29:46]} {[%emt 00:01:58]} e6 {[%clk
01:31:43]} {[%emt 00:00:06]} 4. Bd3 {[%clk 01:30:05]} {[%emt 00:00:09]} Be7
{[%clk 01:31:59]} {[%emt 00:00:15]} 5. Nf3 {[%clk 01:30:03]} {[%emt 00:00:31]}
O-O {[%clk 01:32:14]} {[%emt 00:00:16]} 6. O-O {[%clk 01:29:16]} {[%emt
00:01:17]} a6 {[%clk 01:32:28]} {[%emt 00:00:16]} 7. c3 {[%clk 01:28:31]}
{[%emt 00:01:15]} b5 {[%clk 01:32:18]} {[%emt 00:00:40]} 8. Nbd2 {[%clk
01:24:17]} {[%emt 00:04:45]} Nbd7 {[%clk 01:32:11]} {[%emt 00:00:35]} 9. Rc1
{[%clk 01:23:03]} {[%emt 00:01:45]} c5 {[%clk 01:31:33]} {[%emt 00:01:08]} 10.
Bb1 {[%clk 01:21:01]} {[%emt 00:02:32]} cxd4 {[%clk 01:30:01]} {[%emt
00:02:01]} 11. cxd4 {[%clk 01:20:42]} {[%emt 00:00:50]} Bb7 {[%clk 01:30:11]}
{[%emt 00:00:19]} 12. Rc7 {[%clk 01:11:15]} {[%emt 00:09:58]} Rb8 {[%clk
01:22:39]} {[%emt 00:08:00]} 13. Qc2 {[%clk 01:07:48]} {[%emt 00:03:58]} g6
{[%clk 01:21:29]} {[%emt 00:01:39]} 14. Rc1 {[%clk 01:00:45]} {[%emt 00:07:33]}
Rc8 {[%clk 01:21:08]} {[%emt 00:00:50]} 15. Nb3 {[%clk 00:57:21]} {[%emt
00:03:57]} Rxc7 {[%clk 01:20:52]} {[%emt 00:00:46]} 16. Qxc7 {[%clk 00:57:44]}
{[%emt 00:00:07]} Qxc7 {[%clk 01:20:58]} {[%emt 00:00:23]} 17. Rxc7 {[%clk
00:58:08]} {[%emt 00:00:07]} Bc8 {[%clk 01:09:00]} {[%emt 00:12:28]} 18. Nc5
{[%clk 00:43:44]} {[%emt 00:14:54]} Bxc5 {[%clk 01:04:58]} {[%emt 00:04:32]}
19. dxc5 {[%clk 00:43:54]} {[%emt 00:00:20]} h6 {[%clk 01:01:18]} {[%emt
00:04:08]} 20. Bxh6 {[%clk 00:39:40]} {[%emt 00:04:44]} Re8 {[%clk 00:58:43]}
{[%emt 00:03:05]} 21. Bf4 {[%clk 00:37:22]} {[%emt 00:02:47]} Ne4 {[%clk
00:56:37]} {[%emt 00:02:34]} 22. Bxe4 {[%clk 00:35:05]} {[%emt 00:02:51]} dxe4
{[%clk 00:56:46]} {[%emt 00:00:21]} 23. Ng5 {[%clk 00:35:22]} {[%emt 00:00:12]}
Rd8 {[%clk 00:53:48]} {[%emt 00:03:27]} 24. c6 {[%clk 00:34:29]} {[%emt
00:01:25]} Nb6 {[%clk 00:53:55]} {[%emt 00:00:21]} 25. h3 {[%clk 00:34:24]}
{[%emt 00:00:38]} Nd5 {[%clk 00:48:05]} {[%emt 00:06:15]} 26. Rxf7 {[%clk
00:30:23]} {[%emt 00:04:35]} Nxf4 {[%clk 00:47:20]} {[%emt 00:01:13]} 27. exf4
{[%clk 00:30:16]} {[%emt 00:00:39]} Rd6 {[%clk 00:46:17]} {[%emt 00:01:32]} 28.
Rc7 {[%clk 00:30:20]} {[%emt 00:00:27]} 1-0

[Event "ODJM C 2023"]
[Site "Willingen GER"]
[Date "2023.05.30"]
[Round "4"]
[White "Blome, Antonia"]
[Black "Classen, Miguel"]
[Result "0-1"]
[Termination "normal"]
[Board "25"]
[WhiteElo "1099"]
[BlackElo "1200"]
[WhiteClock "01:19:49"]
[BlackClock "01:37:47"]
[PlyCount "114"]
[WhiteFideId "34630090"]
[BlackFideId "34623825"]
[EventCountry "GER"]
[EventRounds "9"]
[EventType "swiss"]
[EventDate "2023.05.27"]

1. d4 {[%clk 01:30:59]} d5 {[%clk 01:30:59]} {[%emt 00:00:01]} 2. Bf4 {[%clk
01:31:18]} {[%emt 00:00:10]} Nf6 {[%clk 01:31:18]} {[%emt 00:00:11]} 3. h3
{[%clk 01:31:31]} {[%emt 00:00:17]} c5 {[%clk 01:31:30]} {[%emt 00:00:19]} 4.
e3 {[%clk 01:31:52]} {[%emt 00:00:09]} Nc6 {[%clk 01:31:51]} {[%emt 00:00:09]}
5. Nf3 {[%clk 01:31:42]} {[%emt 00:00:40]} Qb6 {[%clk 01:32:08]} {[%emt
00:00:13]} 6. b3 {[%clk 01:31:19]} {[%emt 00:00:53]} Bf5 {[%clk 01:31:36]}
{[%emt 00:01:01]} 7. c3 {[%clk 01:31:29]} {[%emt 00:00:20]} e6 {[%clk
01:31:36]} {[%emt 00:00:30]} 8. Nbd2 {[%clk 01:31:17]} {[%emt 00:00:42]} cxd4
{[%clk 01:31:46]} {[%emt 00:00:21]} 9. exd4 {[%clk 01:31:34]} {[%emt 00:00:13]}
Be7 {[%clk 01:31:32]} {[%emt 00:00:43]} 10. Be2 {[%clk 01:31:21]} {[%emt
00:00:42]} O-O {[%clk 01:30:57]} {[%emt 00:01:05]} 11. Ne5 {[%clk 01:29:39]}
{[%emt 00:02:12]} Nxe5 {[%clk 01:30:55]} {[%emt 00:00:32]} 12. Bxe5 {[%clk
01:30:00]} {[%emt 00:00:09]} Rac8 {[%clk 01:31:11]} {[%emt 00:00:15]} 13. Rc1
{[%clk 01:30:00]} {[%emt 00:00:31]} Qa5 {[%clk 01:31:24]} {[%emt 00:00:17]} 14.
a4 {[%clk 01:27:14]} {[%emt 00:03:15]} Rxc3 {[%clk 01:29:37]} {[%emt 00:02:17]}
15. O-O {[%clk 01:26:32]} {[%emt 00:01:12]} Rfc8 {[%clk 01:29:34]} {[%emt
00:00:33]} 16. Rxc3 {[%clk 01:26:29]} {[%emt 00:00:34]} Qxc3 {[%clk 01:29:37]}
{[%emt 00:00:27]} 17. Nb1 {[%clk 01:25:07]} {[%emt 00:01:51]} Qc2 {[%clk
01:29:34]} {[%emt 00:00:33]} 18. Qxc2 {[%clk 01:24:52]} {[%emt 00:00:45]} Rxc2
{[%clk 01:29:49]} {[%emt 00:00:15]} 19. Bd1 {[%clk 01:21:13]} {[%emt 00:04:09]}
Rc8 {[%clk 01:29:10]} {[%emt 00:01:09]} 20. Nd2 {[%clk 01:20:40]} {[%emt
00:01:04]} Ne4 {[%clk 01:29:05]} {[%emt 00:00:34]} 21. Nxe4 {[%clk 01:20:21]}
{[%emt 00:00:49]} Bxe4 {[%clk 01:29:26]} {[%emt 00:00:09]} 22. f3 {[%clk
01:19:58]} {[%emt 00:00:52]} Bc2 {[%clk 01:29:39]} {[%emt 00:00:18]} 23. Bxc2
{[%clk 01:20:13]} {[%emt 00:00:15]} Rxc2 {[%clk 01:29:54]} {[%emt 00:00:14]}
24. Rb1 {[%clk 01:20:21]} {[%emt 00:00:22]} f6 {[%clk 01:29:58]} {[%emt
00:00:26]} 25. Bb8 {[%clk 01:20:13]} {[%emt 00:00:38]} a6 {[%clk 01:27:53]}
{[%emt 00:02:36]} 26. Re1 {[%clk 01:19:31]} {[%emt 00:01:09]} Kf7 {[%clk
01:28:06]} {[%emt 00:00:19]} 27. Rb1 {[%clk 01:17:11]} {[%emt 00:02:50]} Ke8
{[%clk 01:27:56]} {[%emt 00:00:40]} 28. b4 {[%clk 01:16:26]} {[%emt 00:01:15]}
Rc4 {[%clk 01:28:10]} {[%emt 00:00:15]} 29. Ba7 {[%clk 01:16:18]} {[%emt
00:00:39]} Rxb4 {[%clk 01:28:13]} {[%emt 00:00:27]} 30. Rxb4 {[%clk 01:16:13]}
{[%emt 00:00:35]} Bxb4 {[%clk 01:28:37]} {[%emt 00:00:07]} 31. g4 {[%clk
01:16:02]} {[%emt 00:00:41]} e5 {[%clk 01:28:59]} {[%emt 00:00:08]} 32. dxe5
{[%clk 01:15:50]} {[%emt 00:00:41]} fxe5 {[%clk 01:29:18]} {[%emt 00:00:11]}
33. Kf2 {[%clk 01:16:11]} {[%emt 00:00:09]} Kd7 {[%clk 01:29:35]} {[%emt
00:00:13]} 34. Bb8 {[%clk 01:16:19]} {[%emt 00:00:22]} Bd6 {[%clk 01:29:58]}
{[%emt 00:00:07]} 35. Ba7 {[%clk 01:16:21]} {[%emt 00:00:28]} Kc6 {[%clk
01:30:21]} {[%emt 00:00:07]} 36. Be3 {[%clk 01:16:24]} {[%emt 00:00:27]} Bc5
{[%clk 01:30:44]} {[%emt 00:00:08]} 37. Bxc5 {[%clk 01:16:06]} {[%emt
00:00:48]} Kxc5 {[%emt 00:00:07]} 38. Ke3 {[%clk 01:15:44]} {[%emt 00:00:51]}
b5 {[%clk 01:31:25]} {[%emt 00:00:13]} 39. axb5 {[%clk 01:15:45]} {[%emt
00:00:29]} axb5 {[%clk 01:31:46]} {[%emt 00:00:08]} 40. Kd3 {[%clk 01:15:50]}
{[%emt 00:00:19]} b4 {[%clk 01:32:08]} {[%emt 00:00:14]} 41. Kc2 {[%clk
01:15:49]} {[%emt 00:00:30]} Kc4 {[%clk 01:32:32]} {[%emt 00:00:06]} 42. h4
{[%clk 01:16:06]} {[%emt 00:00:13]} d4 {[%clk 01:32:58]} {[%emt 00:00:04]} 43.
h5 {[%clk 01:16:28]} {[%emt 00:00:08]} b3+ {[%clk 01:33:17]} {[%emt 00:00:12]}
44. Kc1 {[%clk 01:16:47]} {[%emt 00:00:11]} Kc3 {[%clk 01:33:42]} {[%emt
00:00:05]} 45. g5 {[%clk 01:16:57]} {[%emt 00:00:19]} d3 {[%clk 01:34:04]}
{[%emt 00:00:08]} 46. g6 {[%clk 01:17:12]} {[%emt 00:00:16]} h6 {[%clk
01:34:27]} {[%emt 00:00:07]} 47. f4 {[%clk 01:17:02]} {[%emt 00:00:40]} exf4
{[%clk 01:34:49]} {[%emt 00:00:08]} 48. Kd1 {[%clk 01:17:04]} {[%emt 00:00:27]}
b2 {[%clk 01:35:01]} {[%emt 00:00:18]} 49. Ke1 {[%clk 01:17:25]} {[%emt
00:00:08]} b1=Q+ {[%clk 01:35:24]} {[%emt 00:00:07]} 50. Kf2 {[%clk 01:17:48]}
{[%emt 00:00:08]} d2 {[%clk 01:35:30]} {[%emt 00:00:23]} 51. Kf3 {[%clk
01:18:02]} {[%emt 00:00:16]} d1=Q {[%clk 01:35:52]} {[%emt 00:00:08]} 52. Kxf4
{[%clk 01:18:27]} {[%emt 00:00:04]} Qb4+ {[%clk 01:36:12]} {[%emt 00:00:11]}
53. Ke5 {[%clk 01:18:39]} {[%emt 00:00:18]} Qdd4+ {[%clk 01:36:33]} {[%emt
00:00:09]} 54. Ke6 {[%clk 01:18:58]} {[%emt 00:00:10]} Qbb6+ {[%clk 01:36:51]}
{[%emt 00:00:13]} 55. Ke7 {[%clk 01:19:16]} {[%emt 00:00:12]} Qdd6+ {[%clk
01:37:15]} {[%emt 00:00:06]} 56. Ke8 {[%clk 01:19:34]} {[%emt 00:00:11]} Qbd8+
{[%clk 01:37:27]} {[%emt 00:00:18]} 57. Kf7 {[%clk 01:19:49]} {[%emt 00:00:15]}
Q8f8# {[%clk 01:37:47]} {[%emt 00:00:02]} 0-1

[Event "ODJM C 2023"]
[Site "Willingen GER"]
[Date "2023.05.30"]
[Round "4"]
[White "Moissl, Julian"]
[Black "Hendricks, Ole"]
[Result "1-0"]
[Termination "normal"]
[Board "26"]
[WhiteElo "1160"]
[BlackElo "1263"]
[WhiteClock "00:17:37"]
[BlackClock "00:14:53"]
[PlyCount "91"]
[WhiteFideId "16295129"]
[BlackFideId "34660488"]
[EventCountry "GER"]
[EventRounds "9"]
[EventType "swiss"]
[EventDate "2023.05.27"]

1. d4 {[%clk 01:30:59]} {[%emt 00:27:34]} d5 {[%clk 01:30:54]} {[%emt
00:00:07]} 2. c4 {[%clk 01:31:26]} {[%emt 00:00:04]} e6 {[%clk 01:31:17]}
{[%emt 00:00:06]} 3. Nc3 {[%clk 01:31:49]} {[%emt 00:00:07]} Nf6 {[%clk
01:31:41]} {[%emt 00:00:06]} 4. Bg5 {[%clk 01:32:13]} {[%emt 00:00:06]} Be7
{[%clk 01:28:10]} {[%emt 00:04:01]} 5. e3 {[%clk 01:32:21]} {[%emt 00:00:22]}
Nbd7 {[%clk 01:26:12]} {[%emt 00:02:28]} 6. Nf3 {[%clk 01:32:18]} {[%emt
00:00:32]} O-O {[%clk 01:26:02]} {[%emt 00:00:41]} 7. Bd3 {[%clk 01:31:49]}
{[%emt 00:01:00]} c6 {[%clk 01:16:33]} {[%emt 00:09:58]} 8. O-O {[%clk
01:30:45]} {[%emt 00:01:34]} Re8 {[%clk 01:07:28]} {[%emt 00:09:35]} 9. Qc2
{[%clk 01:28:05]} {[%emt 00:03:10]} Nf8 {[%clk 01:05:55]} {[%emt 00:02:02]} 10.
Rfe1 {[%clk 01:24:51]} {[%emt 00:03:45]} Ng6 {[%clk 01:02:30]} {[%emt
00:03:55]} 11. Rad1 {[%clk 01:19:20]} {[%emt 00:06:01]} Nd7 {[%clk 01:02:05]}
{[%emt 00:00:55]} 12. Bxe7 {[%clk 01:17:17]} {[%emt 00:02:34]} Rxe7 {[%clk
01:02:10]} {[%emt 00:00:25]} 13. cxd5 {[%clk 01:15:21]} {[%emt 00:02:26]} exd5
{[%clk 00:59:16]} {[%emt 00:03:24]} 14. Ne2 {[%clk 01:11:58]} {[%emt 00:03:53]}
Ndf8 {[%clk 00:52:35]} {[%emt 00:07:11]} 15. h3 {[%clk 01:06:04]} {[%emt
00:06:24]} Bd7 {[%clk 00:50:22]} {[%emt 00:02:43]} 16. Ng3 {[%clk 01:03:38]}
{[%emt 00:02:56]} Qc8 {[%clk 00:46:37]} {[%emt 00:04:15]} 17. Bf5 {[%clk
00:59:49]} {[%emt 00:04:18]} Bxf5 {[%clk 00:43:43]} {[%emt 00:03:25]} 18. Nxf5
{[%clk 01:00:10]} {[%emt 00:00:09]} Re6 {[%clk 00:43:39]} {[%emt 00:00:33]} 19.
Ng3 {[%clk 00:57:37]} {[%emt 00:03:04]} Qc7 {[%clk 00:40:22]} {[%emt 00:03:48]}
20. Re2 {[%clk 00:55:45]} {[%emt 00:02:21]} Rae8 {[%clk 00:36:53]} {[%emt
00:03:58]} 21. Rde1 {[%clk 00:56:01]} {[%emt 00:00:15]} Qe7 {[%clk 00:34:06]}
{[%emt 00:03:16]} 22. Nf5 {[%clk 00:48:34]} {[%emt 00:07:58]} Qd7 {[%clk
00:26:54]} {[%emt 00:07:42]} 23. Ng3 {[%clk 00:46:50]} {[%emt 00:02:13]} Ne7
{[%clk 00:25:38]} {[%emt 00:01:46]} 24. e4 {[%clk 00:38:12]} {[%emt 00:09:09]}
Nc8 {[%clk 00:24:00]} {[%emt 00:02:08]} 25. Ne5 {[%clk 00:33:14]} {[%emt
00:05:28]} Qc7 {[%clk 00:22:30]} {[%emt 00:02:01]} 26. exd5 {[%clk 00:32:31]}
{[%emt 00:01:13]} R6e7 {[%clk 00:19:36]} {[%emt 00:03:24]} 27. Nf5 {[%clk
00:31:12]} {[%emt 00:01:49]} Rxe5 {[%clk 00:19:02]} {[%emt 00:01:04]} 28. Rxe5
{[%clk 00:30:47]} {[%emt 00:00:55]} Rxe5 {[%clk 00:18:57]} {[%emt 00:00:35]}
29. Rxe5 {[%clk 00:30:09]} {[%emt 00:01:08]} f6 {[%clk 00:18:23]} {[%emt
00:01:04]} 30. Re4 {[%clk 00:29:26]} {[%emt 00:01:13]} Qd7 {[%clk 00:17:35]}
{[%emt 00:01:18]} 31. Rg4 {[%clk 00:27:00]} {[%emt 00:02:56]} g6 {[%clk
00:16:49]} {[%emt 00:01:15]} 32. dxc6 {[%clk 00:24:49]} {[%emt 00:02:42]} Qxc6
{[%clk 00:15:29]} {[%emt 00:01:50]} 33. Qxc6 {[%clk 00:23:53]} {[%emt
00:01:26]} bxc6 {[%clk 00:15:58]} {[%emt 00:00:02]} 34. Ne3 {[%clk 00:23:51]}
{[%emt 00:00:31]} Kf7 {[%clk 00:15:52]} {[%emt 00:00:36]} 35. d5 {[%clk
00:23:45]} {[%emt 00:00:36]} cxd5 {[%clk 00:15:53]} {[%emt 00:00:30]} 36. Nxd5
{[%clk 00:24:08]} {[%emt 00:00:07]} f5 {[%clk 00:15:00]} {[%emt 00:01:22]} 37.
Rc4 {[%clk 00:23:43]} {[%emt 00:00:56]} Nb6 {[%clk 00:14:46]} {[%emt 00:00:44]}
38. Nxb6 {[%clk 00:23:01]} {[%emt 00:01:11]} axb6 {[%clk 00:15:09]} {[%emt
00:00:07]} 39. Rb4 {[%clk 00:23:06]} {[%emt 00:00:25]} Nd7 {[%clk 00:15:37]}
{[%emt 00:00:03]} 40. Kf1 {[%clk 00:23:13]} {[%emt 00:00:24]} Ke6 {[%clk
00:15:49]} {[%emt 00:00:18]} 41. Ke2 {[%clk 00:23:30]} {[%emt 00:00:13]} Kd5
{[%clk 00:15:02]} {[%emt 00:01:17]} 42. Rb5+ {[%clk 00:22:19]} {[%emt
00:01:40]} Kc4 {[%clk 00:14:36]} {[%emt 00:00:56]} 43. a4 {[%clk 00:22:12]}
{[%emt 00:00:37]} Nc5 {[%clk 00:14:05]} {[%emt 00:01:01]} 44. Rxb6 {[%clk
00:18:19]} {[%emt 00:04:23]} Nxa4 {[%clk 00:14:27]} {[%emt 00:00:09]} 45. b3+
{[%clk 00:18:42]} {[%emt 00:00:06]} Kc5 {[%clk 00:14:53]} {[%emt 00:00:04]} 46.
bxa4 {[%clk 00:17:37]} {[%emt 00:01:34]} 1-0